00450nam a2200169Ia 450000500170000000800410001704000190005804100120007708200170008910000190010624500360012526000330016130000110019450400500020565000150025585000100027020221012102844.0131103s9999 xx 000 0 und d aLoreto College aEnglish a157.734bSTO aStorr, Anthony aSexual deviationcAnthony Storr aEnglandbPenguin Booksc1975 a139p.  aIncludes bibliographical references and index aPsychology aLCLIB